000 00710nam a2200289Ia 4500
005 20260324123720.0
008 008 260324s9999 xx 000 0 eng d
020 _a9781315237350
037 _aEBOOK
040 _aCRL
040 _beng
040 _cCRL
041 _2eng
041 _aeng
084 _qCRL
100 _aJala Makhzoumi; Shelley Egoz; Gloria Pungetti
_91171377
245 4 _aThe Right to Landscape
245 0 _bContesting Landscape and Human Rights
260 _bTaylor and Francis
260 _c2011
365 _a
365 _b255
856 _uhttp://www.taylorfrancis.com/books/9781315237350
942 _cEBOOK
999 _c1765133
_d1765133